000 00394nam a2200097Ia 4500
008 180130s9999 xx 000 0 und d
245 _cWagner, Eric F.; Hospital, Michelle M.; Sobell, Mark B.; Sobell, Linda C.
_aSubstance-related disorders: alcohol
260 _c2014
300 _aBook title: Adult psychopathology and diagnosis--Acession number C20776; pages 641-672
650 _aPSYCHOPATHOLOGY
999 _c353922
_d353922